Statistiques concernant Countries Closest to France (in French - en français)

Cliquez ici pour prendre le quiz!

Statistiques générales

  • Ce quiz a été pris 368 fois
    (366 depuis la dernière actualisation)
  • Le résultat moyen est 16 sur 20

Statistiques - réponses

kmpaysmiles% Correct
0Italie0
97%
0Allemagne0
96%
0Espagne0
96%
0Belgique0
95%
0Luxembourg0
95%
0Suisse0
95%
61Pays-Bas38
91%
0Monaco0
90%
412Portugal256
89%
33Royaume-Uni21
88%
0Andorre0
86%
148Autriche92
85%
150Liechtenstein93
75%
240Cité du Vatican149
74%
432Irlande268
73%
430Slovénie267
71%
259Saint-Marin161
69%
403Croatie251
68%
313Tchèquie195
61%
450Tunisie280
42%

Distribution des résultats

Percentile par nombre de réponses

% des personnes avec chaque résultat

Votre développement - résultats

Vous n’avez pas pris ce quiz depuis la dernière actualisation